British Royal Family Tree - Click Quiz - Statistics

General Stats
  • This quiz has been taken 427 times
  • The average score is 17 of 20
Answers on the Map
Answers color-coded by a green-red scale on the quiz's map according to % correct below.
 
Answer Stats
Answer % Correct
Charlotte
88%
Catherine Middleton
87%
George VI
87%
Meghan Markle
87%
William
87%
Andrew
85%
Margaret
85%
Archie
84%
Charles III
84%
Harry
84%
Diana Spencer
83%
George
83%
Louis
83%
Elizabeth II
81%
Philip
81%
Anne
80%
Lilibet
80%
Edward
78%
Elizabeth Bowes-Lyon
78%
Camilla Parker Bowles
76%
No matching quizzes found
Score Distribution
Percent of People with Each Score
Percentile by Number Answered
Your Score History
You have not taken this quiz